[Event "45th FIDE Chess Olympiad Open"]
[Site "Budapest, Hungary"]
[Date "2024.09.13"]
[Round "3.139"]
[White "Anas Khwaira"]
[Black "Lahdelma, Henri"]
[Result "1/2-1/2"]
[WhiteElo "1994"]
[BlackElo "2331"]
[PlyCount "140"]
[EventDate "2024.??.??"]
[WhiteTeam "Jordan"]
[BlackTeam "Finland"]
[WhiteTeamCountry "JOR"]
[BlackTeamCountry "FIN"]
[WhiteClock "0:03:29"]
[BlackClock "0:20:33"]

1. d4 d5 2. c4 e6 3. Nc3 Bb4 4. a3 Bxc3+ 5. bxc3 c5 6. e3 Nc6 7. Bd3 Nf6 8. Nf3 O-O 9. O-O Re8 10. Qc2 ({RR} 10. a4 dxc4 11. Bxc4 Qc7 12. Ba3 b6 13. Qe2 Na5 14. Bd3 c4 15. Bc2 Nb3 16. Rab1 Nd5 17. Qe1 Bd7 18. e4 Nf4 19. g3 Ng6 20. h4 h6 21. h5 Nf8 22. Qe3 Nh7 23. e5 Bc6 24. Nh4 Bb7 {Wang,H (2739)-Kosteniuk,A (2472) Biel 2012 0-1 (31)}) 10... b6 ({RR} 10... Qc7 11. Bb2 dxc4 12. Bxc4 Bd7 13. Rac1 Rac8 14. Ba2 Na5 15. c4 cxd4 16. exd4 b5 17. c5 Bc6 18. Ne5 Bd5 19. Bb1 Nc6 20. Rfe1 a5 21. h3 g6 22. Qd2 Red8 23. Qf4 Nh5 24. Qh6 Nxe5 25. Rxe5 {Siniauski,A (2204)-Hvozdz,A (1885) Orsha BLR 2024 1-0 (74)}) 11. cxd5 $146 ({RR} 11. Ne5 Bb7 12. Nxc6 Bxc6 13. f3 Rc8 14. Qe2 Ba4 15. Bd2 Qd7 16. Be1 dxc4 17. Bxc4 cxd4 18. cxd4 Nd5 19. Bf2 Nc3 20. Qd3 b5 21. Qxc3 Rxc4 22. Qa5 Rec8 23. e4 h6 24. h3 R8c6 25. Rfe1 a6 {Verdier,P (2250)-Lobron,E (2580) Cap d'Agde 1994 0-1 (41)}) 11... exd5 12. dxc5 bxc5 13. c4 Bg4 14. cxd5 Qxd5 15. Be2 Bf5 16. Qd1 Rab8 17. Qxd5 Nxd5 18. Bd2 Nf4 19. Bc4 Bd3 20. Bxd3 Nxd3 21. Rfb1 Rb6 22. Bc3 f6 23. Rd1 Rd8 24. Nd2 Kf7 25. Kf1 Ke6 26. Ke2 Nb2 27. Rdc1 Na4 28. Ra2 Rdb8 29. Ba1 Na5 30. Rac2 Nb3 31. Nxb3 Rxb3 32. Ra2 Kd5 33. Rd2+ Kc6 34. Ra2 Rd8 35. Rc4 Kb5 36. Rg4 g6 37. Bxf6 Rdd3 38. Rh4 Rxa3 39. Rxa3 Rxa3 40. Rxh7 c4 41. Rc7 Nb6 42. Bd4 Ra2+ 43. Kf3 Kb4 44. h4 Kb3 45. g4 Ra5 46. h5 gxh5 47. gxh5 Rxh5 48. Rxa7 Nd5 49. Kg4 Rh2 50. Rd7 Nc3 51. Bxc3 Kxc3 52. f4 Rd2 53. Rc7 Kd3 54. e4 Kxe4 55. Rxc4+ Kd5 56. Ra4 Ke6 57. Ra7 Rg2+ 58. Kf3 Rg1 59. Ra6+ Kf5 60. Ra5+ Kf6 61. Ra2 Kf5 62. Ra5+ Kf6 63. Ra8 Rf1+ 64. Ke3 Re1+ 65. Kd4 Rd1+ 66. Ke3 Re1+ 67. Kf2 Rb1 68. Rf8+ Ke7 69. Rf5 Ke6 70. Ra5 Kf6 1/2-1/2

[Event "45th FIDE Chess Olympiad Open"]
[Site "Budapest, Hungary"]
[Date "2024.09.13"]
[Round "3.140"]
[White "Wartiovaara, Oliver"]
[Black "Rakan Dasa"]
[Result "1/2-1/2"]
[WhiteElo "2300"]
[BlackElo "1976"]
[PlyCount "137"]
[EventDate "2024.??.??"]
[WhiteTeam "Finland"]
[BlackTeam "Jordan"]
[WhiteTeamCountry "FIN"]
[BlackTeamCountry "JOR"]
[WhiteClock "0:10:41"]
[BlackClock "0:09:00"]

1. e4 c6 2. d4 d5 3. exd5 cxd5 4. Nf3 Nf6 5. c3 Nc6 6. Ne5 Qb6 $146 ({RR} 6... g6 7. f4 Bg7 8. Bd3 O-O 9. O-O Bf5 10. Bxf5 gxf5 11. Nd2 e6 12. Rf3 Ne4 13. Nxe4 dxe4 14. Rg3 Qe7 15. Qh5 f6 16. Rh3 Bh8 17. Ng6 Qf7 18. Nxf8 Qxh5 19. Rxh5 Rxf8 20. Be3 Ne7 21. Kf2 {Oganisjan,R (2352)-Sukhov,M (2128) Tomsk 2007 ½-½ (52)}) ({RR} 6... a6 7. Bd3 g6 8. O-O Bg7 9. Re1 O-O 10. Nd2 Nxe5 11. dxe5 Nd7 12. Nf3 Nc5 13. Nd4 Bg4 14. f3 Bd7 15. Bg5 Re8 16. Bh4 b5 17. Kh1 Rc8 18. Bf1 Qb6 19. Qd2 a5 20. a3 Qb7 21. Rad1 {Kramnik,V (2792)-Caruana,F (2816) Paris 2018 0-1 (46)}) ({RR} 6... e6 7. Bb5 Bd7 8. Nxd7 Qxd7 9. O-O Bd6 10. Nd2 Qc7 11. Nf3 O-O 12. Bd3 Rab8 13. a4 a6 14. Qe2 Rfe8 15. Bg5 Nd7 16. Rad1 h6 17. Bc1 Bf4 18. Bxf4 Qxf4 19. g3 Qf6 20. Kg2 e5 21. dxe5 {Balint,P (2187)-Pacan-Milej,K (2425) Krakow POL 2024 0-1 (85)}) ({RR} 6... e6 7. Bb5 Bd7 8. Bd3 Nxe5 9. dxe5 Ne4 10. Qg4 h5 11. Qe2 Nc5 12. Bc2 a6 13. a4 b5 14. a5 b4 15. cxb4 Bb5 16. Qd2 Nd7 17. Na3 Qb8 18. Qd4 Qxe5+ 19. Qxe5 Nxe5 20. Nxb5 axb5 21. Bd2 {Fuchs,M (2040)-Schwab,A (2010) Bayern 1995 0-1 (60)}) ({RR} 6... Bd7 7. Qb3 e6 8. Nxd7 Qxd7 9. Bb5 Bd6 10. f4 O-O 11. O-O Qc7 12. Be2 Ne7 13. Na3 a6 14. Nc2 Ng6 15. g3 Ne7 16. Ne1 Ne4 17. Qc2 f5 18. Nf3 Nc6 19. Be3 Rf6 20. Ne5 Rc8 21. Rae1 {Vokral,J-Omelka,M Czech Republic 1996 1-0 (75)}) 7. Bd3 g6 8. Qf3 Bg7 9. O-O Be6 10. Re1 O-O 11. Nd2 Nxe5 12. dxe5 Nd7 13. Qg3 d4 14. Nf3 dxc3 15. bxc3 Rfd8 16. Bg5 Nf8 17. Be4 Qc7 18. Qh4 Rd7 19. Re3 Rad8 20. Bc2 Bd5 21. Ba4 Bc6 22. Bb3 Bxf3 23. gxf3 Ne6 24. Bxe6 fxe6 25. Rae1 Rf8 26. f4 Bh8 27. Qg4 Qc4 28. a3 Qb3 29. h4 h5 30. Qg3 Kh7 31. Rd3 Rfd8 32. Rxd7 Rxd7 33. f5 exf5 34. e6 Rd1 35. Rxd1 Qxd1+ 36. Kh2 Qe2 37. Qg2 Bxc3 38. Qxb7 Qxe6 39. Bxe7 Be5+ 40. Kg2 Qf7 41. Qb4 Qd5+ 42. f3 Qc6 43. Qb3 Kg7 44. Bg5 Qd7 45. a4 Bf6 46. Bxf6+ Kxf6 47. Qc3+ Kf7 48. Qc4+ Kg7 49. Qc3+ Kh7 50. a5 Qe7 51. Qc4 Qd7 52. a6 Kg7 53. Qc3+ Kg8 54. Qf6 Qf7 55. Qd8+ Kg7 56. Qd4+ Kg8 57. Qd8+ Kh7 58. Qc8 Kg7 59. Qc3+ Kg8 60. Qc8+ Kg7 61. Qc3+ Kf8 62. Qc8+ Ke7 63. Qc7+ Ke6 64. Qc4+ Ke7 65. Qc7+ Kf8 66. Qc8+ Kg7 67. Qc3+ Kh7 68. Qc8 Kg7 69. Qc3+ 1/2-1/2

[Event "45th FIDE Chess Olympiad Open"]
[Site "Budapest, Hungary"]
[Date "2024.09.13"]
[Round "3.141"]
[White "Maksimovic, Bojan"]
[Black "Al-Ali, Hussein Ali Hussein"]
[Result "1-0"]
[WhiteElo "2503"]
[BlackElo "2122"]
[PlyCount "69"]
[EventDate "2024.??.??"]
[WhiteTeam "Bosnia & Herzegovina"]
[BlackTeam "Iraq"]
[WhiteTeamCountry "BIH"]
[BlackTeamCountry "IRQ"]
[WhiteClock "0:15:44"]
[BlackClock "1:05:51"]

1. e4 {ChessBase II} e6 2. d4 d5 3. Nc3 dxe4 4. Nxe4 Nd7 5. Nf3 Ngf6 6. Nxf6+ Nxf6 7. c3 ({RR} 7. g3 b6 8. Bb5+ Bd7 9. a4 a6 10. Be2 Bc6 11. O-O Bd6 12. Ne5 Bxe5 13. dxe5 Qd5 14. Qxd5 Nxd5 15. a5 b5 16. Bd2 O-O-O 17. Rfd1 Rd7 18. f3 Ne7 19. Kf2) 7... c5 8. Ne5 a6 9. Qa4+ ({RR} 9. Bg5 Be7 10. dxc5 Qxd1+ 11. Rxd1 Bxc5 12. Be2 h6 13. Bh4 g5 14. Bg3 Ne4 15. Bf3 Nxg3 16. hxg3 Ke7 17. Bxb7 Bxb7 18. Rd7+ Kf6 19. f4 gxf4 20. gxf4 Kf5 21. Rxf7+ Ke4 22. Rxb7 Rag8 23. Rc7 Be3) 9... Bd7 10. Nxd7 Nxd7 11. Be3 Qc7 12. g3 ({RR} 12. O-O-O O-O-O 13. Be2 Nb6 14. Qc2 Nd5 15. Kb1 c4 16. g3 Qc6 17. Bc1 Be7 18. f4 g6 19. Bf3 h5 20. h3 Qc7 21. Rhf1 b5 22. Be2 Kb8 23. Bd2 Ka7 24. Bf3 a5 25. Rfe1 Bf6 26. a3 Rd7 {Sivanandan,B (1898)-Banerjee,S (2137) Cambridge ENG 2024 1-0 (64)}) 12... Rd8 $146 ({RR} 12... O-O-O 13. Bg2 Nb6 14. Qb3 c4 15. Qc2 Nd5 16. O-O h5 17. b3 Rd7 18. Qe2 cxb3 19. axb3 h4 20. c4 Nxe3 21. Qxe3 hxg3 22. hxg3 e5 23. Qxe5 Qxe5 24. dxe5 Bb4 25. Rad1 Re7 26. Rd5 f6 27. exf6 {Zinchenko,Y (2531)-Baklan,V (2618) Alushta 2009 ½-½ (48)}) ({RR} 12... O-O-O 13. Bg2 Nb6 14. Qb3 Nd5 15. Bg5 Be7 ({RR} 15... Rd7 16. O-O cxd4 17. cxd4 Kb8 18. Bd2 Be7 19. Rac1 Qd6 20. Rc4 Rc8 21. Rxc8+ Kxc8 22. Qc2+ Kb8 23. Qxh7 Bf6 24. Qd3 Qb6 25. Bc3 Nc7 26. Rd1 Nb5 27. d5 exd5 28. Bxf6 Qxf6 29. a4 Nc7 30. b4) 16. Bxe7 Nxe7 17. O-O cxd4 18. cxd4 Rxd4 19. Rac1 Nc6 20. Bxc6 bxc6 21. Rc3 Rhd8 22. Qc2 R8d6 23. Qxh7 f6 24. Qh5 e5 25. Rfc1 ({RR} 25. Rb3) 25... Rb4 ({RR} 25... Kb7) 26. Rxc6 Rxc6 27. Qe8+ {Svidler,P (2765)-Vaisser,A (2573) Asnieres sur Seine 2006 EXT 2007 [ChessBase II] 1-0 (43)}) ({RR} 12... O-O-O 13. Bg2 Nb6 14. Qb3 Nd5 15. Bg5 Rd7 16. O-O cxd4 17. cxd4 Kb8 18. Bd2 Be7 19. Rac1 Qd6 20. Rc4 Rc8 21. Rxc8+ Kxc8 22. Qc2+ Kb8 23. Qxh7 Bf6 24. Qd3 Qb6 25. Bc3 Nc7 26. Rd1 Nb5 27. d5 {Grischuk,A (2720)-Nogueiras Santiago,J (2547) Beersheba 2005 ½-½ (35)}) ({RR} 12... O-O-O 13. Bg2 Nb6 14. Qa5 Nd5 15. Qxc7+ Kxc7 16. Bxd5 Rxd5 17. c4 Rd8 18. O-O-O Kc6 19. Kc2 b6 20. Rd3 Be7 21. Rhd1 cxd4 22. Bxd4 f6 23. f4 h5 24. Re1 Rd6 25. Bf2 Rhd8 26. Rxd6+ Rxd6 27. b4 {Bojkov,D (2520)-David,V (2396) France 2007 1-0 (35)}) 13. Bg2 Bd6 14. dxc5 Bxc5 15. Bxc5 Qxc5 16. Bxb7 O-O 17. O-O Ne5 18. Qc2 h5 19. Rad1 a5 20. Bg2 h4 21. Rxd8 Rxd8 22. Rd1 Rc8 23. Qe4 hxg3 24. hxg3 Rb8 25. Qd4 Qc7 26. b4 Rc8 27. b5 Rb8 28. a4 Nc4 29. Bc6 Nb6 30. c4 e5 31. Qh4 e4 32. c5 Nxa4 33. Rd7 Qe5 34. Bxe4 f5 35. Bd5+ 1-0

[Event "45th FIDE Chess Olympiad Open"]
[Site "Budapest, Hungary"]
[Date "2024.09.13"]
[Round "3.142"]
[White "Zozek Salah Mohammed"]
[Black "Burovic, Rijad"]
[Result "1/2-1/2"]
[WhiteElo "2180"]
[BlackElo "2426"]
[PlyCount "132"]
[EventDate "2024.??.??"]
[WhiteTeam "Iraq"]
[BlackTeam "Bosnia & Herzegovina"]
[WhiteTeamCountry "IRQ"]
[BlackTeamCountry "BIH"]
[WhiteClock "0:11:44"]
[BlackClock "0:05:20"]

1. d4 {Ramirez Alvarez,Alejandro} Nf6 2. c4 g6 3. f3 Bg7 4. e4 O-O 5. Nc3 d6 6. Nge2 c5 7. d5 e6 8. Ng3 exd5 9. cxd5 a6 10. a4 Nh5 ({RR} 10... Nbd7) ({RR} 10... h5) 11. Nxh5 gxh5 12. Be3 ({RR} 12. Be2 Qh4+ 13. g3 Qe7 14. h4 Nd7 15. Kf2 Ne5 16. Kg2 f5 ({RR} 16... Ng6) 17. f4 Ng4 18. Bxg4 hxg4 19. Re1 Bxc3 20. bxc3 fxe4 21. a5 Bf5 22. Be3 Rad8 23. Rb1 Rd7 24. Rb6 Qf7 25. c4 Re8 26. Qb3 h5 {Giri,A (2768)-Gelfand,B (2748) Tashkent 2014 CBM 163 [Ramirez Alvarez,Alejandro] ½-½ (39)}) ({RR} 12. Bd3 f5 13. O-O Nd7 14. exf5 Ne5 15. Be4 Bxf5 16. Bxf5 Rxf5 17. Ne4 h4 18. f4 Ng6 19. Qg4 Qf8 20. Nxd6 Rf6 21. Ne4 Rf5 22. Be3 b6 23. Ng5 Re8 24. Qh5 Bh6 25. Rae1 Rxe3 26. Rxe3 Bxg5 {Crevatin,L (2171)-Peralta,E (2218) Chess.com INT 2021 1-0 (48)}) 12... f5 13. Qd2 Nd7 $146 ({RR} 13... Qf6 14. exf5 Bxf5 15. Be2 Nd7 16. O-O Rae8 17. Rae1 Qg6 18. Kh1 Ne5 19. Ne4 Bxe4 20. fxe4 Qxe4 21. Bxh5 Rxf1+ 22. Rxf1 Nc4 23. Qe2 Nxe3 24. Bxe8 Qxe8 25. Rf3 Bd4 26. b3 Qe4 27. Rg3+ Kh8 28. Qe1 {Neto,H (2162)-Barrero Garcia,C (2309) Leiria 2017 0-1}) 14. Be2 Ne5 15. O-O Qf6 16. f4 Ng4 17. Bxg4 hxg4 18. e5 Qe7 19. exd6 Qxd6 20. Qf2 b6 21. a5 Re8 22. Rad1 Rxe3 23. Qxe3 b5 24. Qe8+ Bf8 25. Rfe1 Rb8 26. Re5 Bd7 27. Qh5 b4 28. Ne2 Bg7 29. Qg5 h6 30. Qe7 Bxe5 31. Qxe5 Qf8 32. Qc7 Ba4 33. Rc1 Rc8 34. Qb7 Bb5 35. Ng3 c4 36. Nh5 Qc5+ 37. Kh1 Qc7 38. Qxc7 Rxc7 39. d6 Rb7 40. Nf6+ Kf7 41. Nd5 Rd7 42. Nxb4 Rxd6 43. Kg1 Rd2 44. Rc2 Rd1+ 45. Kf2 Ra1 46. Ke3 Rxa5 47. Kd4 Ra1 48. Nd5 Re1 49. Ne3 Ke6 50. g3 h5 51. Nxc4 Re4+ 52. Kc5 Bxc4 53. Rxc4 Re2 54. Ra4 Rc2+ 55. Kd4 Rd2+ 56. Kc5 Rc2+ 57. Kd4 Rd2+ 58. Kc5 Rxb2 59. Rxa6+ Ke7 60. Ra7+ Ke6 61. Ra6+ Kd7 62. Ra7+ Ke6 63. Ra6+ Ke7 64. Ra7+ Ke6 65. Ra6+ Kd7 66. Ra7+ Ke6 1/2-1/2

[Event "45th FIDE Chess Olympiad Open"]
[Site "Budapest, Hungary"]
[Date "2024.09.13"]
[Round "3.143"]
[White "Culum, Sanjin"]
[Black "Salih, Akar Ali Salih"]
[Result "1-0"]
[WhiteElo "2409"]
[BlackElo "2174"]
[PlyCount "65"]
[EventDate "2024.??.??"]
[WhiteTeam "Bosnia & Herzegovina"]
[BlackTeam "Iraq"]
[WhiteTeamCountry "BIH"]
[BlackTeamCountry "IRQ"]
[WhiteClock "0:10:53"]
[BlackClock "0:01:04"]

1. e4 c5 2. Nf3 g6 3. d4 cxd4 4. Nxd4 Bg7 5. c4 Nc6 6. Be3 Qb6 7. Nb3 Qd8 8. Qd2 Nf6 9. Nc3 d6 10. Be2 O-O 11. O-O Be6 12. f3 Nd7 13. f4 ({RR} 13. Nd5 a5 14. a4 b6 15. Nd4 Bxd5 16. cxd5 Nxd4 17. Bxd4 Bxd4+ 18. Qxd4 Rc8 19. Bb5 Rc5 20. f4 Qc7 21. Rae1 f6 22. h4 Rc2 23. Rf2 Rxf2 24. Qxf2 Nc5 25. h5 gxh5 26. Qf3 Kh8 27. Qxh5 Rg8 {Maletin,P (2575)-Nikitenko,M (2529) Sochi RUS 2024 ½-½ (36)}) 13... f5 $146 ({RR} 13... Nc5 14. Nd4 Nxd4 15. Bxd4 Qb6 16. Rad1 Bxd4+ 17. Qxd4 f6 18. b3 a5 19. Rfe1 a4 20. Nb5 axb3 21. axb3 Bf7 22. e5 dxe5 23. fxe5 Rad8 24. Qe3 fxe5 25. b4 Na4 26. c5 Qe6 27. Qa3 Qb3 28. Qxb3 {Dominguez Perez,L (2758)-Vakhidov,J (2534) Krasnaya Polyana 2021 ½-½ (45)}) 14. exf5 gxf5 15. Kh1 Rc8 16. Rac1 Nc5 17. Nd4 Bd7 18. Bf3 Nb4 19. Rcd1 a5 20. a3 Nbd3 21. Be2 e5 22. Ndb5 Bxb5 23. Nxb5 e4 24. b4 axb4 25. axb4 Na6 26. Bxd3 exd3 27. Qxd3 Nxb4 28. Qb3 Qe7 29. Nxd6 Rc6 30. c5+ Kh8 31. Rfe1 Na6 32. Bd4 Qd7 33. Nf7+ 1-0

[Event "45th FIDE Chess Olympiad Open"]
[Site "Budapest, Hungary"]
[Date "2024.09.13"]
[Round "3.144"]
[White "Alothman, Ali Layth Ahmed"]
[Black "Marjanovic, Dejan"]
[Result "0-1"]
[WhiteElo "2161"]
[BlackElo "2365"]
[PlyCount "88"]
[EventDate "2024.??.??"]
[WhiteTeam "Iraq"]
[BlackTeam "Bosnia & Herzegovina"]
[WhiteTeamCountry "IRQ"]
[BlackTeamCountry "BIH"]
[WhiteClock "0:15:16"]
[BlackClock "0:12:34"]

1. Nf3 d5 2. g3 Nf6 3. Bg2 e6 4. c4 Be7 5. O-O O-O 6. d4 a5 7. Nc3 c6 8. Re1 ({RR} 8. Bf4 Nbd7 9. Rc1 dxc4 10. e4 b5 11. d5 cxd5 12. exd5 exd5 13. Nxd5 Ra6 14. Nxe7+ Qxe7 15. a4 Qb4 16. Bd2 Qxa4 17. Qxa4 bxa4 18. Rxc4 Rb6 19. Rfc1 Ba6 20. Rxa4 Rxb2 21. Rxa5 Bb7 22. Bc3 Rb6 {Le,Q (2728)-Carlsen,M (2864) Miami 2022 ½-½ (37)}) 8... b6 9. Ne5 Bb7 $146 ({RR} 9... Nfd7 10. Nxd7 Nxd7 11. cxd5 cxd5 12. e4 Nf6 13. e5 Ne8 14. Bf4 Ba6 15. Rc1 Nc7 16. h4 Qd7 17. Bg5 Rfc8 18. Bxe7 Qxe7 19. Qd2 Bc4 20. b3 Bb5 21. Rc2 Bd7 {½-½ (21) Zifroni,D (2462)-Rozentalis,E (2455) Israel ISR 2024}) ({RR} 9... Ba6 10. b3 Nfd7 11. Nxd7 Nxd7 12. cxd5 cxd5 13. Bb2 b5 14. e4 b4 15. Na4 Nf6 16. f3 Rc8 17. Rc1 Rxc1 18. Qxc1 Qb8 19. Qe3 Rc8 20. Nc5 Bb5 21. e5 Nd7 22. Nxd7 Bxd7 23. Rc1 Rxc1+ 24. Qxc1 {Leisch,L (2389)-Tica,S (2409) Austria 2022 ½-½}) 10. e4 dxc4 11. Nxc4 b5 12. Ne5 Nbd7 13. Nxd7 Nxd7 14. Be3 e5 15. f4 exd4 16. Bxd4 Bc5 17. Kh1 Bxd4 18. Qxd4 c5 19. Qf2 b4 20. Na4 c4 21. e5 Qc7 22. Rad1 Bc6 23. Qc2 Rac8 24. Rd6 Bxa4 25. Qxa4 Nc5 26. Qc2 Nd3 27. Re2 Rfd8 28. Rc6 Qa7 29. Rxc8 Rxc8 30. Be4 Qd4 31. Kg2 Rd8 32. Bf3 h6 33. h4 c3 34. bxc3 bxc3 35. Kh3 Nb4 36. Qc1 Nd3 37. Qc2 Nb4 38. Qc1 Rc8 39. a3 Nd3 40. Qc2 Nc5 41. Qf5 Rc7 42. Kg2 Qd3 43. g4 Qxf5 44. gxf5 Nd3 0-1

[Event "45th FIDE Chess Olympiad Open"]
[Site "Budapest, Hungary"]
[Date "2024.09.13"]
[Round "3.145"]
[White "Christie, Joshua"]
[Black "Bachmann, Axel"]
[Result "0-1"]
[WhiteElo "2271"]
[BlackElo "2560"]
[PlyCount "90"]
[EventDate "2024.??.??"]
[WhiteTeam "Jamaica"]
[BlackTeam "Paraguay"]
[WhiteTeamCountry "JAM"]
[BlackTeamCountry "PAR"]
[WhiteClock "0:18:23"]
[BlackClock "0:20:55"]

1. d4 d5 2. c4 dxc4 3. e3 e5 4. Bxc4 Nc6 5. Nf3 e4 6. Nfd2 Qg5 7. Nxe4 Qxg2 8. Ng3 Qh3 ({RR} 8... Bd6 9. Bf1 Qd5 10. Nc3 Qg5 11. Nge4 Qd8 12. Rg1 Bf5 13. Qb3 Nh6 14. Qxb7 Bd7 15. Rxg7 Rb8 16. Nxd6+ cxd6 17. Qa6 Qh4 18. d5 Nb4 19. Qxd6 Rb6 20. Qe5+ Kd8 21. Rb1 Re8 22. Qg5+ Qxg5 23. Rxg5 {Andreikin,D (2724)-Aronian,L (2785) Chess.com INT 2022 1-0 (37)}) ({RR} 8... Nf6 9. Bf1 Qd5 10. Nc3 Bb4 11. Bd2 Qd6 12. a3 Bxc3 13. bxc3 {½-½ (13) Di Berardino,D (2516)-Bachmann,A (2624) Florianopolis 2018}) 9. Qh5 $146 ({RR} 9. Bf1 Qh4 10. Bg2 Nf6 11. Nc3 Bh3 12. Bxc6+ bxc6 13. Qf3 Bd7 14. e4 Bb4 15. Bd2 O-O 16. e5 Bxc3 17. bxc3 Nd5 18. Qe4 Qxe4+ 19. Nxe4 Bf5 20. Nc5 Rab8 21. c4 Nb4 22. Bxb4 Rxb4 23. Rc1 Rd8 {Moiseenko,A (2620)-Christiansen,J (2600) Chess.com INT 2020 0-1 (42)}) ({RR} 9. Nc3 Nf6 10. Qb3 Bd6 11. Bxf7+ Kd8 12. Bd2 Bxg3 13. fxg3 Bg4 14. Kf2 Rf8 15. Raf1 Na5 16. Qb4 Rxf7 17. Qxa5 b6 18. Qg5 h6 19. Qh4 g5 20. Qxh3 Bxh3 21. Rb1 Ne4+ 22. Ke1 Nf2 23. Rg1 Kd7 {Siegel,A (2037)-Perpinya Rofes,L (2206) Llinars del Valles ESP 2024 0-1 (48)}) ({RR} 9. Nc3 Nf6 10. e4 Bb4 11. Bg5 O-O 12. Bxf6 gxf6 13. Qf3 Bg4 14. Qe3 Rad8 15. d5 Ne5 16. Bf1 Nf3+ 17. Kd1 Nxh2+ 18. Kc2 Qh4 19. Be2 Bd6 20. Rag1 {1-0 (20) Egresi,M (2383)-Balla,T (2336) Budapest 2021}) ({RR} 9. Nc3 Nf6 10. Bd2 Bd6 11. Bf1 Qh4 12. Bg2 Bh3 13. Bxh3 Qxh3 14. Qf3 h5 15. Nce4 Nxe4 16. Qxe4+ Kf8 17. O-O-O h4 18. Nf5 Re8 19. Qc2 Rh5 20. Nxd6 cxd6 21. Bc3 d5 22. Qb3 Qd7 23. Rhg1 Rf5 {Raja,R (2408)-Lomasov,S (2525) Arandjelovac 2021 ½-½ (40)}) 9... Qxh5 10. Nxh5 Nb4 11. Na3 Bg4 12. Be2 Bxe2 13. Kxe2 g6 14. Nf4 Nf6 15. Nb5 Kd7 16. a3 Nc6 17. Rd1 Bd6 18. Nd3 Rhe8 19. Nc5+ Kc8 20. Nxd6+ cxd6 21. Nb3 d5 22. Bd2 b6 23. Rac1 Kd7 24. f3 Nh5 25. Kd3 f5 26. Be1 Re6 27. Bh4 Rae8 28. Re1 h6 29. f4 Re4 30. Bf2 g5 31. fxg5 hxg5 32. Nd2 R4e6 33. h3 Nf6 34. Rg1 g4 35. Rcf1 gxh3 36. Rh1 Rh8 37. Bg3 Ng4 38. Bf4 Ne7 39. Bg5 Rh5 40. Nf3 Ng6 41. Kd2 h2 42. a4 Rh3 43. b4 Rg3 44. b5 Rg2+ 45. Kd3 f4 0-1

[Event "45th FIDE Chess Olympiad Open"]
[Site "Budapest, Hungary"]
[Date "2024.09.13"]
[Round "3.146"]
[White "Delgado Ramirez, Neuris"]
[Black "Smith, Shreyas"]
[Result "1-0"]
[WhiteElo "2484"]
[BlackElo "2226"]
[PlyCount "65"]
[EventDate "2024.??.??"]
[WhiteTeam "Paraguay"]
[BlackTeam "Jamaica"]
[WhiteTeamCountry "PAR"]
[BlackTeamCountry "JAM"]
[WhiteClock "0:42:28"]
[BlackClock "0:04:31"]

1. e4 c5 2. Nc3 Nc6 3. Bb5 Nd4 4. Nf3 a6 5. Bd3 Nc6 6. O-O d6 7. a3 g6 8. b4 Bg7 9. Rb1 b5 ({RR} 9... cxb4 10. axb4 b5 11. Nd5 Nf6 12. Bb2 O-O 13. Bxf6 Bxf6 14. Nxf6+ exf6 15. c3 d5 16. exd5 Qxd5 17. Qc2 Qd6 18. Be4 Bb7 19. Rfe1 f5 20. Bxc6 Bxc6 21. Nd4 Bb7 22. f3 Rac8 23. Qd3 Rfd8 24. Qe3 {Cornette,M (2579)-Sjugirov,S (2695) chess.com INT 2024 ½-½ (45)}) 10. Nd5 $146 ({RR} 10. h3 c4 11. Be2 Nf6 12. d4 d5 13. e5 Ne4 14. Bb2 Bf5 15. Nh4 Nxc3 16. Bxc3 Bd7 17. f4 e6 18. Be1 a5 19. c3 axb4 20. axb4 h5 21. Ra1 Bf8 22. Nf3 Be7 23. Rxa8 Qxa8 24. Bh4 Bxh4 {Onslow,A (2118)-Chuersakul,S (1641) Chess.com INT 2022 1-0 (39)}) ({RR} 10. bxc5 dxc5 11. a4 b4 12. Nd5 e6 13. Ne3 Nge7 14. Nc4 O-O 15. e5 a5 16. Bb2 Ba6 17. Re1 Nf5 18. Qe2 Rb8 19. Qe4 Ncd4 20. Bxd4 Nxd4 21. Nxd4 Bxc4 22. Nc6 Bd5 23. Nxd8 Bxe4 24. Rxe4 Rfxd8 {Safarli,E (2589)-Nazari,A (2287) Chess.com INT 2022 1-0 (46)}) ({RR} 10. Re1 Nf6 11. bxc5 dxc5 12. e5 Nd5 13. Nxd5 Qxd5 14. Bb2 e6 15. Qe2 Bb7 16. c4 bxc4 17. Be4 Nd4 18. Qd1 Qxe4 19. Rxe4 Bxe4 20. Bxd4 O-O 21. Bxc5 Rfc8 22. Bd6 Bxb1 23. Qxb1 Bf8 24. Bxf8 Kxf8 {Ramoutar,A (2289)-Johnson,J (2149) Couva 2019 1-0 (35)}) 10... e6 11. Ne3 cxb4 12. axb4 d5 13. c3 d4 14. cxd4 Nxd4 15. Nxd4 Bxd4 16. Qb3 Ne7 17. Be2 e5 18. Nc2 Bb6 19. Qg3 f6 20. Kh1 Qc7 21. Ne3 Bb7 22. d3 O-O 23. Bd1 Qd6 24. Ng4 Bc8 25. Bh6 Rf7 26. f4 Bd4 27. fxe5 Bxe5 28. Nxe5 fxe5 29. Bb3 Be6 30. Rxf7 Bxf7 31. Bxf7+ Kxf7 32. Rf1+ Kg8 33. Qf3 1-0

[Event "45th FIDE Chess Olympiad Open"]
[Site "Budapest, Hungary"]
[Date "2024.09.13"]
[Round "3.147"]
[White "Glaves, Raheem"]
[Black "Cubas, Jose Fernando"]
[Result "0-1"]
[WhiteElo "2094"]
[BlackElo "2417"]
[PlyCount "66"]
[EventDate "2024.??.??"]
[WhiteTeam "Jamaica"]
[BlackTeam "Paraguay"]
[WhiteTeamCountry "JAM"]
[BlackTeamCountry "PAR"]
[WhiteClock "0:00:36"]
[BlackClock "0:45:31"]

1. Nf3 Nf6 2. g3 g6 3. Bg2 Bg7 4. O-O O-O 5. c4 d6 6. Nc3 e5 7. d3 Nc6 8. Bg5 h6 9. Bd2 Be6 10. Qc1 Kh7 11. Rb1 a5 12. a3 Qd7 13. b4 axb4 14. axb4 Bh3 15. Nd5 $146 ({RR} 15. e4 Nh5 16. Nd5 Bxg2 17. Kxg2 f5 18. b5 Nd4 19. Nxd4 exd4 20. f3 fxe4 21. fxe4 Rxf1 22. Qxf1 Rf8 23. Qe2 c6 24. bxc6 bxc6 25. Nf4 Nf6 26. Rf1 Ng4 27. h3 Ne5 28. h4 Ng4 29. Nh3 Re8 {Brockmann,M (1467)-Majewski,T (1770) Hannover 2016 0-1 (61)}) ({RR} 15. e4 Bxg2 16. Kxg2 Ng4 17. h3 Nf6 18. b5 Ne7 19. Ra1 Rab8 20. Ra2 Nh5 21. Nh2 f5 22. f4 Rf7 23. g4 fxg4 24. Nxg4 Nxf4+ 25. Bxf4 exf4 26. Rxf4 Rxf4 27. Qxf4 Bxc3 28. Nf6+ Bxf6 29. Qxf6 Ng8 {Bangert,B (1776)-Zeuner,O (1567) Willingen 2016 0-1 (37)}) 15... Bxg2 16. Nxf6+ Bxf6 17. Kxg2 Bg7 18. b5 Nd8 19. Bc3 Ne6 20. Qc2 f5 21. Rfc1 Rae8 22. Nd2 h5 23. Ra1 Bh6 24. Ra7 b6 25. Rca1 Bxd2 26. Qxd2 f4 27. d4 exd4 28. Bxd4 Nxd4 29. Qxd4 Rxe2 30. Qxb6 f3+ 31. Kh1 Rf7 32. Rxc7 Qxc7 33. Qd4 Qe7 0-1